Movies Quiz

Random Movies or Cast Quiz

'Love' movies Quiz Stats

 Plays Quiz not verified by Sporcle

Also try: Behind the Horror
Challenge
Share
Tweet
Embed
Score 0/30 Timer 10:00
0 Plays Today
Cast Movie % Correct
Hugh Grant, Emma ThompsonLove Actually
72.1%
Ryan O'Neal, Ali McGrawLove Story
63.4%
Hilary Swank, Gerard ButlerP.S. I Love You
52.2%
Paul Rudd, Jason SegelI Love You, Man
42.7%
Gwyneth Paltrow, Joseph FiennesShakespeare in Love
40.5%
Angela Bassett, Laurence FishburneWhat's Love Got To Do With It
30.4%
Mike Myers, Jessica AlbaThe Love Guru
29.9%
John Cusack, Diane LaneMust Love Dogs
27.1%
Jennifer Aniston, Aaron EckhartLove Happens
22.3%
Hayden Panettiere, Paul RustI Love You, Beth Cooper
20.1%
Dean Jones, Buddy HackettThe Love Bug
19%
Al Pacino, Ellen BarkinSea Of Love
18.2%
Ashton Kutcher, Amanda PeetA Lot Like Love
17.9%
Adam Sandler, Philip Seymour HoffmanPunch Drunk Love
17.9%
Kevin Costner, Kelly PrestonFor Love Of The Game
17.3%
Cast Movie % Correct
Brooke Shields, Martin HewittEndless Love
16.8%
Renee Zellweger, Ewan MacGregorDown With Love
16.8%
Nick Cannon, Christina MilianLove Don't Cost A Thing
15.9%
Sandra Bullock, Tate DonovanLove Potion #9
14%
Julia Roberts, Nick NolteI Love Trouble
13.1%
Drew Barrymore, Chris O' DonnellMad Love
12.8%
John Travolta, Johnathan Rhys-MeyersFrom Paris With Love
12.3%
Javier Bardem, Benjamin BrattLove in the Time of Cholera
12.3%
Michael MooreCapitalism: A Love Story
10.6%
Sandra Bullock, Chris O' DonnellIn Love And War
10.1%
Martin Lawrence, Lynn WhitfieldA Thin Line Between Love and Hate
8.1%
Kevin Kline, Tracy UllmanI Love You To Death
8.1%
Michael J. Fox, Gabrielle AnwarFor Love Or Money
7.8%
Paul Reiser, Randy QuaidBye Bye Love
5.9%
Michelle Pfeiffer, Dennis HaysbertLove Field
5.3%

You're not logged in!

Compare scores with friends on all Sporcle quizzes.
OR
Log In

You Might Also Like...

Show Comments

Extras

Created May 2, 2010ReportNominate
Tags:Cast Quiz, love

Top Quizzes Today


Score Distribution

Your Account Isn't Verified!

In order to create a playlist on Sporcle, you need to verify the email address you used during registration. Go to your Sporcle Settings to finish the process.

Report this User

Report this user for behavior that violates our Community Guidelines.

Details: